Southville International School and Colleges
Your cart is empty.
  • Cart
  • Lists
    Public lists Eva Luna New books Lux_list list_1
    Your lists Log in to create your own lists
  • Log in to your account
  • Your cookies
  • Search history
Southville International School and Colleges
  • Advanced search
  • Recent comments
  • Most popular
  • Libraries

Log in to your account

Log in with GOOGLE


If you do not have an external account, but do have a local account, you can still log in:

  1. Home
  2. MARC view: Creating spreadsheets and charts in Excel /
Normal view MARC view ISBD view

Creating spreadsheets and charts in Excel / (Record no. 300850)

[ view plain ]
MARC details
000 -LEADER
fixed length control field 00684nam a2200253Ia 4500
008 - FIXED-LENGTH DATA ELEMENTS--GENERAL INFORMATION
fixed length control field 160901s9999 xx 000 0 und d
020 ## - INTERNATIONAL STANDARD BOOK NUMBER
International Standard Book Number 0-321-25582-8
050 ## - LIBRARY OF CONGRESS CALL NUMBER
Classification number ComSc HF 5548.4
050 ## - LIBRARY OF CONGRESS CALL NUMBER
Item number .M523L36 2005
100 ## - MAIN ENTRY--PERSONAL NAME
Personal name Langer, Maria.
245 ## - TITLE STATEMENT
Title Creating spreadsheets and charts in Excel /
245 ## - TITLE STATEMENT
Statement of responsibility, etc Maria Langer.
260 ## - PUBLICATION, DISTRIBUTION, ETC. (IMPRINT)
Place of publication, distribution, etc Berkeley, Calif. : 
260 ## - PUBLICATION, DISTRIBUTION, ETC. (IMPRINT)
Name of publisher, distributor, etc Peachpit
260 ## - PUBLICATION, DISTRIBUTION, ETC. (IMPRINT)
Date of publication, distribution, etc 2005
300 ## - PHYSICAL DESCRIPTION
Extent 127 pages :
300 ## - PHYSICAL DESCRIPTION
Other physical details ill. ;
300 ## - PHYSICAL DESCRIPTION
Dimensions 23 cm.
440 ## - SERIES STATEMENT/ADDED ENTRY--TITLE
Title Visual QuickProject
500 ## - GENERAL NOTE
General note Includes index.
650 ## - SUBJECT ADDED ENTRY--TOPICAL TERM
Topical term or geographic name as entry element Business -- Computer programs.
650 ## - SUBJECT ADDED ENTRY--TOPICAL TERM
Topical term or geographic name as entry element Operating systems (Computers).
650 ## - SUBJECT ADDED ENTRY--TOPICAL TERM
General subdivision Electronic spreadsheets.
Holdings
Withdrawn status Lost status Damaged status Home library Current library Shelving location Date acquired Cost, normal purchase price Total Checkouts Full call number Barcode Date last seen Price effective from Koha item type
      South Mansfield College South Mansfield College   06/20/2006 295.00   ComSc HF 5548.4 .M523L36 2005 SMC03280 09/01/2016 09/01/2016  

Creating spreadsheets and charts in Excel /

APA

Langer M., .Creating spreadsheets and charts in Excel. Berkeley, Calif: .

Chicago

Langer Maria, .Creating spreadsheets and charts in Excel. Berkeley, Calif: .

Harvard

Langer M., .Creating spreadsheets and charts in Excel. Berkeley, Calif: .

MLA

Langer Maria, .Berkeley, Calif: . .

  • Place hold
  • Print
  • Cite
  • Add to your cart (remove)
  • Save record
    BIBTEX Dublin Core MARCXML MARC (non-Unicode/MARC-8) MARC (Unicode/UTF-8) MARC (Unicode/UTF-8, Standard) MODS (XML) RIS
  • More searches
    Search for this title in:
    Other Libraries (WorldCat) Other Databases (Google Scholar) Online Stores (Bookfinder.com) Open Library (openlibrary.org)

Exporting to Dublin Core...

SOUTHVILLE LIBRARY

Southville International School and Colleges Library

1281 Tropical Ave. Cor. Luxembourg St., BF Homes International, Las Pinas City

Tel. No. 8256374 / 252358 Loc. 117/146

Powered by Koha